000 01119nam a2200289Ia 4500
003 OSt
005 20221005110608.0
006 a|||||r|||| 00| 0
007 ta
008 221004b |||||||| |||| 00| 0 hin d
020 _a9788126320121 (hbk)
_cINR 200.00
024 _a37062
037 _bBW/1691, 15/03/2018, Bookwell
_cTextual
040 _aCRL
_cCRL
_bhin
041 _2hin
_ahin
082 _aO152,3N59,PA, Q0
100 _aपोखरियाल, रमेश, ‘निशंक’, ले.
_9556605
245 0 _aपल्लवी
246 _aPallavī
260 _aनई दिल्ली
_bभारतीय ज्ञानपीठ भारत
_c2010
300 _a173पृ0
_ccm.
490 _aलोकोदय ग्रन्थमाला; ग्रन्थांक 1053
650 _a हिन्दी साहित्य
650 _aहिन्दी कहानी
942 _hO152,3N59,PA, Q0
_cTEXL
_2cc
999 _c1019309
_d1019309